One classroom at a time : how better teaching can make college more equitable

書誌詳細
第一著者: David Gooblar
フォーマット: 不明
出版事項: Harvard University Press,
LEADER 00278 a2200097 4500
020 |a 9780674297487 
100 |a David Gooblar.  |9 60720 
245 |a One classroom at a time : how better teaching can make college more equitable 
260 |b Harvard University Press, 
942 |c BK 
999 |c 47945  |d 47945